[Event "Rohde op 10th"]
[Site "Sautron"]
[Date "2010.10.27"]
[Round "6"]
[White "Migot, Tangi"]
[Black "Pinel, Jeremy"]
[Result "1-0"]
[WhiteElo "2246"]
[BlackElo "1904"]
[PlyCount "106"]
[EventDate "2010.10.23"]
[EventType "swiss"]
[EventRounds "9"]
[EventCountry "FRA"]
[SourceTitle "EXT 2012"]
[Source "ChessBase"]
[SourceDate "2011.11.24"]
[SourceVersion "1"]
[SourceVersionDate "2011.11.24"]
[SourceQuality "1"]

1. e4 c5 2. Nf3 e6 3. d4 cxd4 4. Nxd4 Nc6 5. Nc3 a6 6. Nxc6 bxc6 7. Bd3 d5 8. 0-0 Ne7 9. Qe2 Qc7 10. Bg5 Bb7 11. b3 Ng6 12. Na4 Bd6 13. g3 dxe4 14. Bxe4 c5 15. Rad1 Bxe4 16. Qxe4 0-0 17. Rd3 Be7 18. Be3 Rad8 19. Rfd1 Rxd3 20. Rxd3 Rc8 21. Rc3 Qa5 22. Kg2 Nf8 23. Bf4 Bf6 24. Rc4 Ng6 25. Bd6 Be7 26. Qb7 Qd8 27. Bxe7 Nxe7 28. Rxc5 Rxc5 29. Nxc5 a5 30. Qd7 Qf8 31. Nb7 Ng6 32. c4 Ne5 33. Qc7 Qa8 34. Qxe5 Qxb7+ 35. Kg1 Qb4 36. c5 Kf8 37. h4 Ke7 38. Qd6+ Kf6 39. Qd8+ Ke5 40. Qd6+ Kf6 41. Qd8+ Ke5 42. Qc7+ Kf6 43. c6 Qe1+ 44. Kg2 Qe4+ 45. Kh2 Qd4 46. Kg1 Qd1+ 47. Kg2 Qd5+ 48. f3 Qd2+ 49. Kh3 h5 50. a3 e5 51. f4 exf4 52. Qxf4+ Qxf4 53. gxf4 Ke7 1-0

[Event "Avoine op 24th"]
[Site "Avoine"]
[Date "2009.07.21"]
[Round "4"]
[White "Pinel, Jeremy"]
[Black "Giroux, Fabrice"]
[Result "0-1"]
[WhiteElo "1874"]
[BlackElo "2183"]
[PlyCount "128"]
[EventDate "2009.07.18"]
[EventType "swiss"]
[EventRounds "9"]
[EventCountry "FRA"]
[SourceTitle "CBM 131 Extra"]
[Source "ChessBase"]
[SourceDate "2009.09.03"]
[SourceVersion "2"]
[SourceVersionDate "2009.09.16"]
[SourceQuality "1"]

1. e4 Nc6 2. Nc3 Nf6 3. d4 d6 4. Nf3 Bg4 5. Be2 e6 6. Be3 d5 7. exd5 Nxd5 8. Nxd5 Qxd5 9. 0-0 Be7 10. h3 Bh5 11. c4 Qd6 12. d5 exd5 13. Qxd5 Qxd5 14. cxd5 Bxf3 15. Bxf3 Ne5 16. Be4 Bd6 17. Rac1 0-0 18. Bc5 Nd7 19. Bxd6 cxd6 20. Rc7 Nc5 21. Bf5 g6 22. Bg4 h5 23. Bf3 Rac8 24. Rxc8 Rxc8 25. Rc1 Re8 26. b4 Na6 27. a3 Kg7 28. Kf1 Re7 29. Rc8 Nc7 30. Rd8 Ne8 31. Be2 Kf6 32. f4 Kf5 33. Bb5 Nc7 34. Bd3+ Kxf4 35. Rxd6 Ke5 36. Rd8 Nxd5 37. Bb5 Nc3 38. Bd3 Ne4 39. Bb5 Rc7 40. Be8 Nd6 41. Bd7 Nc4 42. a4 Kf4 43. Kf2 Ne5 44. Bb5 Rc2+ 45. Be2 Ke4 46. a5 Nc6 47. Rd7 Nd4 48. Re7+ Kd5 49. Rd7+ Ke5 50. Rxb7 Rxe2+ 51. Kf1 Re4 52. Rxa7 Nc6 53. Rc7 Rf4+ 54. Ke2 Nxb4 55. Rb7 Nc6 56. Ke3 Ra4 57. Rxf7 Ra3+ 58. Kf2 Rxa5 59. g4 hxg4 60. hxg4 Ra3 61. g5 Ke4 62. Rf6 Ne5 63. Kg2 Rf3 64. Re6 Rf5 0-1

[Event "FRA-ch op-C"]
[Site "Pau"]
[Date "2008.08.19"]
[Round "7"]
[White "Pinel, Jeremy"]
[Black "Froment, Theophile"]
[Result "1-0"]
[WhiteElo "1740"]
[BlackElo "1661"]
[PlyCount "70"]
[EventDate "2008.08.11"]
[EventType "swiss"]
[EventRounds "9"]
[EventCountry "FRA"]
[SourceTitle "CBM 126 Extra"]
[Source "ChessBase"]
[SourceDate "2008.11.05"]
[SourceVersion "1"]
[SourceVersionDate "2008.11.05"]
[SourceQuality "1"]

1. e4 c5 2. Nf3 d6 3. d4 cxd4 4. Nxd4 Nf6 5. Nc3 a6 6. f3 e5 7. Nb3 Be6 8. Be3 Nbd7 9. g4 b5 10. g5 Nh5 11. Nd5 Bxd5 12. Qxd5 Rc8 13. 0-0-0 Qc7 14. Qd2 Nb6 15. Kb1 Be7 16. Na5 Nc4 17. Nxc4 bxc4 18. c3 a5 19. Qd5 0-0 20. Bh3 Rb8 21. Bg4 Nf4 22. Bxf4 exf4 23. h4 Rb6 24. Rh2 Rfb8 25. Bh3 Rb5 26. Qd4 a4 27. Bf1 a3 28. Rdd2 axb2 29. Bxc4 Rc5 30. Bb3 Qa7 31. Rxb2 Rb4 32. Qxb4 Rxg5 33. Rhg2 Rg3 34. Qd4 Qa6 35. Qc4 Qa7 1-0

[Event "FRA-ch op-C"]
[Site "Aix les Bains"]
[Date "2007.08.25"]
[Round "11"]
[White "Bienaime, Pierre"]
[Black "Pinel, Jeremy"]
[Result "1-0"]
[WhiteElo "1678"]
[BlackElo "1663"]
[PlyCount "141"]
[EventDate "2007.08.13"]
[EventType "swiss"]
[EventRounds "11"]
[EventCountry "FRA"]
[SourceTitle "CBM 120 Extra"]
[Source "ChessBase"]
[SourceDate "2007.11.01"]
[SourceVersion "1"]
[SourceVersionDate "2007.11.01"]
[SourceQuality "1"]

1. d4 Nf6 2. c4 e6 3. Nc3 d5 4. e3 b6 5. cxd5 exd5 6. Nf3 Bb7 7. Bd3 Nbd7 8. 0-0 a6 9. Re1 Ne4 10. Nd2 Ndf6 11. Qc2 Nxc3 12. bxc3 Be7 13. e4 dxe4 14. Nxe4 Nd5 15. Ba3 0-0 16. Bxe7 Nxe7 17. Qe2 Ng6 18. Qe3 Re8 19. Qg3 Rc8 20. Ng5 b5 21. h4 Qd6 22. h5 Qxg3 23. fxg3 Nf8 24. c4 h6 25. Nf3 b4 26. d5 Nd7 27. Bf5 Rxe1+ 28. Rxe1 Rd8 29. Re7 Bc8 30. Nd4 Kf8 31. Nc6 Re8 32. Rxe8+ Kxe8 33. Nxb4 Ke7 34. Kf2 Kd8 35. Bxd7 Kxd7 36. c5 a5 37. Nd3 Ba6 38. Ke3 f6 39. Kd4 Bb5 40. Nf4 Bf1 41. Ke4 Bc4 42. a3 Bb3 43. Kd4 Bd1 44. Kc4 a4 45. Kb5 Bb3 46. Ka6 Bc4+ 47. Kb7 Bb3 48. d6 c6 49. Kb6 Bc2 50. Ka5 Bd1 51. Kb4 Bc2 52. Kc3 Bf5 53. Kb4 Bc2 54. g4 Bd1 55. Ka5 Bc2 56. g3 Bd1 57. Kb4 Bc2 58. Ng2 Bd1 59. Ne3 Bb3 60. Nf5 Bd1 61. Nxg7 Bxg4 62. Kxa4 Kc8 63. Kb4 Bd7 64. Kc4 Kb7 65. Kd4 Ka6 66. g4 Bxg4 67. Ne8 Kb7 68. Nxf6 Bd1 69. Ke5 Kc8 70. Ke6 Kd8 71. Kf7 1-0

[Event "FRA-ch op-C"]
[Site "Aix les Bains"]
[Date "2007.08.16"]
[Round "3"]
[White "Pinel, Jeremy"]
[Black "Masot, Liberto"]
[Result "0-1"]
[WhiteElo "1663"]
[BlackElo "1742"]
[PlyCount "78"]
[EventDate "2007.08.13"]
[EventType "swiss"]
[EventRounds "11"]
[EventCountry "FRA"]
[SourceTitle "CBM 120 Extra"]
[Source "ChessBase"]
[SourceDate "2007.11.01"]
[SourceVersion "1"]
[SourceVersionDate "2007.11.01"]
[SourceQuality "1"]

1. e4 d5 2. exd5 Qxd5 3. d4 Nf6 4. Nf3 Nc6 5. c4 Qd6 6. Nc3 a6 7. Be2 Bg4 8. Be3 0-0-0 9. Qb3 e6 10. 0-0 Na5 11. Qa4 Bxf3 12. Bxf3 Qb4 13. Qxb4 Bxb4 14. Rab1 Nxc4 15. a3 Bxc3 16. bxc3 Nd5 17. Rfc1 c6 18. Bxd5 exd5 19. Rb3 Rhe8 20. Rcb1 Rd7 21. h3 Nxe3 22. fxe3 Rxe3 23. Kf2 Re4 24. a4 Rde7 25. R1b2 f5 26. a5 Re1 27. Rxb7 Rxb7 28. Rxb7 Kxb7 29. Kxe1 c5 30. dxc5 Kc6 31. Ke2 Kxc5 32. Kd3 g5 33. g3 f4 34. gxf4 gxf4 35. h4 h5 36. Ke2 Kc4 37. Kf3 Kxc3 38. Kxf4 d4 39. Kg5 d3 0-1

[Event "FRA-chT3 Gr06 0607"]
[Site "France"]
[Date "2007.04.01"]
[Round "9.8"]
[White "Pinel, Jeremy"]
[Black "Brixtel, Romain"]
[Result "1-0"]
[WhiteElo "1663"]
[BlackElo "1880"]
[PlyCount "61"]
[EventDate "2006.10.15"]
[EventType "team"]
[EventRounds "9"]
[EventCountry "FRA"]
[SourceTitle "EXT 2008"]
[Source "ChessBase"]
[SourceDate "2007.11.25"]
[SourceVersion "1"]
[SourceVersionDate "2007.11.25"]
[SourceQuality "1"]
[WhiteTeam "Queven"]
[BlackTeam "Cherbourg Octeville"]
[WhiteTeamCountry "FRA"]
[BlackTeamCountry "FRA"]

1. e4 c6 2. d4 d5 3. Nc3 dxe4 4. Nxe4 Bf5 5. Ng3 Bg6 6. f4 e6 7. h4 h6 8. h5 Bh7 9. Nf3 Bd6 10. Bd3 Bxd3 11. Qxd3 Qc7 12. Ne5 Na6 13. Ne4 Bxe5 14. fxe5 0-0-0 15. Nd6+ Kb8 16. Bd2 Qd7 17. c4 c5 18. 0-0 f5 19. d5 exd5 20. Rxf5 Ne7 21. Rf7 Qe6 22. cxd5 Rxd6 23. exd6 Qxf7 24. dxe7 Qxe7 25. Bf4+ Ka8 26. d6 Qd7 27. Re1 Nb4 28. Qc4 Re8 29. Rxe8+ Qxe8 30. d7 Qd8 31. Bc7 1-0

[Event "FRA-chT3 Gr06 0607"]
[Site "France"]
[Date "2007.01.21"]
[Round "5.8"]
[White "Bodenez, Claire"]
[Black "Pinel, Jeremy"]
[Result "0-1"]
[WhiteElo "2016"]
[BlackElo "1641"]
[PlyCount "188"]
[EventDate "2006.10.15"]
[EventType "team"]
[EventRounds "9"]
[EventCountry "FRA"]
[SourceTitle "EXT 2008"]
[Source "ChessBase"]
[SourceDate "2007.11.25"]
[SourceVersion "1"]
[SourceVersionDate "2007.11.25"]
[SourceQuality "1"]
[WhiteTeam "Quimper"]
[BlackTeam "Queven"]
[WhiteTeamCountry "FRA"]
[BlackTeamCountry "FRA"]

1. e4 c5 2. d3 e6 3. g3 Nc6 4. Bg2 d6 5. f4 g6 6. Nf3 Bg7 7. 0-0 Nge7 8. c3 0-0 9. Be3 b6 10. Na3 e5 11. f5 gxf5 12. Nh4 f4 13. gxf4 Ng6 14. Nf5 exf4 15. Bxf4 Nxf4 16. Rxf4 Bxf5 17. exf5 d5 18. f6 Bxf6 19. Qh5 Ne5 20. Raf1 Bg7 21. Rh4 h6 22. Rf5 Qd6 23. d4 cxd4 24. cxd4 Ng6 25. Rg4 Rad8 26. Nc2 Qc6 27. Rf2 Qe6 28. Rg3 Rd6 29. Re3 Qc8 30. Rc3 Qd8 31. Qd1 Nh4 32. Rg3 Rg6 33. Rxg6 Nxg6 34. Qh5 Qg5 35. Qxg5 hxg5 36. Bxd5 Nf4 37. Bg2 Rd8 38. Rd2 Nxg2 39. Kxg2 f5 40. b3 Kf7 41. h3 Ke6 42. Kf3 Rh8 43. Re2+ Kd7 44. Ne3 f4 45. Nf5 Bf6 46. Kg4 Rc8 47. d5 Rc3 48. Re6 Bd8 49. Rd6+ Kc7 50. Rh6 Rd3 51. d6+ Kc6 52. Rh8 Bf6 53. Rf8 Be5 54. Rc8+ Kd7 55. Rc7+ Kd8 56. Rf7 f3 57. Ne7 Bf4 58. Nc6+ Ke8 59. Re7+ Kf8 60. Re1 f2 61. Rf1 Be3 62. Kf3 Bc5+ 63. Kg2 Rxd6 64. Ne5 Rd2 65. a4 Rd5 66. Ng4 Rd2 67. Nxf2 Kg7 68. Kg3 Bxf2+ 69. Rxf2 Rxf2 70. Kxf2 Kf6 71. Kg3 Kf5 72. Kf3 a5 73. Kg3 Kf6 74. Kf3 Kf5 75. Ke3 Ke5 76. Kd3 Kf4 77. Kc4 Kg3 78. Kb5 Kxh3 79. Kxb6 g4 80. Kxa5 g3 81. b4 g2 82. b5 g1Q 83. Ka6 Qg8 84. a5 Kg4 85. b6 Qa8+ 86. Kb5 Kf5 87. a6 Ke6 88. b7 Qa7 89. Kc6 Qxa6+ 90. Kc7 Qd6+ 91. Kc8 Qc6+ 92. Kb8 Kd7 93. Ka7 Qc7 94. Ka8 Qa5+ 0-1

[Event "Hennebont Grand Prix"]
[Site "Hennebont"]
[Date "2006.08.06"]
[Round "6"]
[White "Gallois, Jerome"]
[Black "Pinel, Jeremy"]
[Result "0-1"]
[WhiteElo "2040"]
[BlackElo "1900"]
[PlyCount "59"]
[EventDate "2006.08.05"]
[EventType "swiss"]
[EventRounds "7"]
[EventCountry "FRA"]
[SourceTitle "EXT 2007"]
[Source "ChessBase"]
[SourceDate "2006.11.23"]
[SourceVersion "1"]
[SourceVersionDate "2006.11.23"]
[SourceQuality "1"]

1. Nc3 e6 2. e4 c5 3. Nf3 a6 4. d4 cxd4 5. Nxd4 Nc6 6. Nb3 Qc7 7. a3 Nf6 8. f4 d6 9. Be3 b5 10. Be2 Be7 11. 0-0 0-0 12. Qe1 Bb7 13. Qg3 b4 14. axb4 Nxb4 15. Bd3 d5 16. e5 Nh5 17. Qf2 Nxd3 18. cxd3 f5 19. Rfc1 Qd8 20. Na4 d4 21. Nxd4 Bd5 22. Nc5 Bxc5 23. Rxc5 Rf7 24. Qc2 Qh4 25. Qf2 Qe7 26. Rac1 Raf8 27. Nf3 Qb7 28. R5c2 Rd7 29. Bc5 Rc8 30. d4 0-1

[Event "Hennebont Grand Prix"]
[Site "Hennebont"]
[Date "2006.08.06"]
[Round "7"]
[White "Pinel, Jeremy"]
[Black "Bertrand, Xavier"]
[Result "1-0"]
[WhiteElo "1900"]
[BlackElo "2065"]
[PlyCount "76"]
[EventDate "2006.08.05"]
[EventType "swiss"]
[EventRounds "7"]
[EventCountry "FRA"]
[SourceTitle "EXT 2007"]
[Source "ChessBase"]
[SourceDate "2006.11.23"]
[SourceVersion "1"]
[SourceVersionDate "2006.11.23"]
[SourceQuality "1"]

1. e4 e6 2. d4 b6 3. Nc3 Bb7 4. a3 c5 5. Nf3 cxd4 6. Nxd4 Nc6 7. Be3 d6 8. Qd2 Nf6 9. f3 Be7 10. Be2 0-0 11. 0-0-0 a6 12. g4 b5 13. g5 Nd7 14. h4 Rc8 15. Kb1 Nce5 16. h5 Nb6 17. Rdg1 Nbc4 18. Bxc4 Nxc4 19. Qc1 d5 20. g6 Qd7 21. h6 fxg6 22. hxg7 Rf7 23. exd5 Bxd5 24. Nxd5 Qxd5 25. Rd1 Bf6 26. c3 Nxe3 27. Qxe3 Bxd4 28. Rxd4 Qxf3 29. Qh6 Rxg7 30. Rhd1 e5 31. Rd8+ Rxd8 32. Rxd8+ Kf7 33. Rd7+ Ke8 34. Qxg7 Qf5+ 35. Ka1 Qxd7 36. Qh8+ Ke7 37. Qxh7+ Kf6 38. Qxd7 Kg5 1-0

[Event "FRA-chT4 0001"]
[Site "Bretagne"]
[Date "2001.01.14"]
[Round "4"]
[White "Le Gall, Thierry"]
[Black "Pinel, Jeremy"]
[Result "1-0"]
[WhiteElo "1740"]
[BlackElo "1570"]
[PlyCount "69"]
[EventDate "2000.10.??"]
[EventType "team"]
[EventRounds "7"]
[EventCountry "FRA"]
[SourceTitle "EXT 2005"]
[Source "ChessBase"]
[SourceDate "2004.11.15"]
[SourceVersion "1"]
[SourceVersionDate "2004.11.15"]
[SourceQuality "1"]

1. c4 Nf6 2. Nf3 e6 3. Nc3 d5 4. e3 c6 5. d4 Nbd7 6. Be2 dxc4 7. Bxc4 Nb6 8. Bd3 Bd6 9. 0-0 0-0 10. e4 Be7 11. Bf4 c5 12. dxc5 Bxc5 13. Rc1 a6 14. Qe2 Qe7 15. Bg5 h6 16. e5 hxg5 17. Nxg5 g6 18. exf6 Qxf6 19. Nce4 Qe7 20. Nxf7 Bxf2+ 21. Qxf2 Rxf7 22. Qxb6 Qh4 23. Rxf7 Kxf7 24. Nd6+ Kg7 25. Rc7+ Kg8 26. Rxc8+ Rxc8 27. Nxc8 Qe1+ 28. Bf1 Kh8 29. Nd6 e5 30. Nxb7 e4 31. Qf2 Qc1 32. Nd6 e3 33. Qe2 Qc5 34. Nc4 g5 35. Nxe3 1-0